Villes de France - Par panorama # 8 - Statistiques

Statistiques générales
  • Ce quiz a été pris 34 fois
  • Le résultat moyen est 3 sur 20
Statistiques - réponses
Par images Réponse % Correct
Kourou
63%
Rennes
37%
La Roche-sur-Yon
23%
Morlaix
20%
Narbonne
20%
Mulhouse
17%
Noisy-le-Grand
13%
Pau
13%
Rodez
13%
Aix-en-Provence
10%
Dunkerque
10%
Laon
7%
Bergerac
3%
Dreux
3%
Meaux
3%
Montbéliard
3%
Saint-Lô
3%
Bar-le-Duc
0%
Draguignan
0%
Saint-Germain-en-Laye
0%
Aucun quiz correspondant
Distribution des résultats
% des personnes avec chaque résultat
Percentile par nombre de réponses
Votre historique - résultats
Vous n’avez pas pris ce quiz